An introduction to government and politics: a conceptual approach

Uloženo v:
Podrobná bibliografie
Hlavní autoři: Dickerson, Mark O (Autor), Flanagan, Thomas (Autor)
Médium: Kniha
Jazyk:angličtina
Vydáno: Toronto ITP Nelson 1998
Vydání:5a. ed
Témata:
Tagy: Přidat tag
Žádné tagy, Buďte první, kdo vytvoří štítek k tomuto záznamu!

MARC

LEADER 00000cam a2200000 a 4500
001 UCC5056
003 CL-VaPUC
008 180913e19980000cn |||||||||||||||||eng|d
020 |a 0176073647 
082 0 4 |a 320.4  |b DIC  |2 21 
100 0 |a Dickerson, Mark O  |e author  |9 599356 
700 0 |a Flanagan, Thomas  |e author  |9 599357 
245 1 3 |a An introduction to government and politics: a conceptual approach 
250 |a 5a. ed 
300 |a 500 p 
942 |c BK 
945 |d 20180913 22:58:00  |a dcastane 
260 |a Toronto  |b ITP Nelson  |c 1998 
650 7 |a GOBIERNO Y POLITICA  |2 CL-VaPUC  |9 383663 
650 7 |a HISTORIA POLITICA SIGLO 20  |2 CL-VaPUC  |9 325844 
650 0 |a Doctrinas políticas  |9 255835 
583 |a last modification  |c 20181122 10:42:07  |k Rodrigo Vera 
999 |c 372396  |d 372394 
952 |0 0  |1 0  |3 erb  |4 0  |6 320_400000000000000_DIC_1998  |7 0  |8 A  |9 490036  |a BIBHIS  |b BIBHIS  |i 5501512  |o 320.4 DIC 1998  |p 5501512  |r 2025-01-20  |w 2019-11-24  |y BK  |z Catalogado en:20180913  |k HIS 
952 |0 0  |1 0  |3 erb  |4 0  |6 320_400000000000000_DIC_1998  |7 0  |8 A  |9 490037  |a BIBHIS  |b BIBHIS  |i 5516765  |o 320.4 DIC 1998  |p 5516765  |r 2025-01-20  |w 2019-11-24  |y BK  |z Catalogado en:20181123  |k HIS